Academic freedom and the parameters of knowledge (Record no. 61731)
[ view plain ]
| 000 -CABECERA | |
|---|---|
| campo de control de longitud fija | 00665nam a2200241 a 4500 |
| 005 - FECHA Y HORA DE LA ÚLTIMA TRANSACCIÓN | |
| campo de control | 20210219152825.0 |
| 008 - ELEMENTOS DE LONGITUD FIJA--INFORMACIÓN GENERAL | |
| campo de control de longitud fija | 991125n 000 0 eng u |
| 035 ## - NÚMERO DE CONTROL DEL SISTEMA | |
| Número de control de sistema | UPN01000062469 |
| 100 ## - ASIENTO PRINCIPAL--NOMBRE PERSONAL | |
| Nombre de persona | TIERNEY, William G. |
| 222 ## - TÍTULO CLAVE | |
| Título clave | HARVARD EDUCATIONAL REVIEW |
| 245 ## - MENCIÓN DE TÍTULO | |
| Título | Academic freedom and the parameters of knowledge |
| 260 ## - PUBLICACIÓN, DISTRIBUCIÓN, ETC. | |
| Lugar de publicación, distribución, etc. | MASSACHUSETTS, EUA |
| 300 ## - DESCRIPCIÓN FÍSICA | |
| Extensión | 143-160 |
| 362 ## - FECHAS DE PUBLICACIÓN Y/O DESIGNACIÓN SECUENCIAL | |
| Fecha de publicación y/o designación secuencial | 1993 Vol. 63, No. 2, summer |
| 653 0# - TERMINO DE INDIZACION - NO CONTROLADO | |
| Término no controlado | ACCESO A LA EDUCACION |
| 653 0# - TERMINO DE INDIZACION - NO CONTROLADO | |
| Término no controlado | DERECHOS HUMANOS |
| 653 0# - TERMINO DE INDIZACION - NO CONTROLADO | |
| Término no controlado | EDUCACION SEXUAL |
| 653 0# - TERMINO DE INDIZACION - NO CONTROLADO | |
| Término no controlado | HOMOSEXUALIDAD |
| 653 0# - TERMINO DE INDIZACION - NO CONTROLADO | |
| Término no controlado | LESBIANISMO |
| 653 0# - TERMINO DE INDIZACION - NO CONTROLADO | |
| Término no controlado | LIBERTAD ACADEMICA |
| 904 ## - ELEMENTOS DE DATOS D LOCAL, LDD (RLIN) | |
| a | AC |
| b | 000280 |
| 905 ## - TIPO DE MATERIAL | |
| Tipo de material | Articulo |
No items available.
